[Event "Vladivostok op-A"]
[Site "Vladivostok"]
[Date "2010.08.12"]
[Round "9"]
[White "Kravtsov, Sergey"]
[Black "Solovchuk, Mikhail"]
[Result "0-1"]
[WhiteElo "2362"]
[BlackElo "2195"]
[PlyCount "142"]
[EventDate "2010.08.04"]
[EventType "swiss"]
[EventRounds "9"]
[EventCountry "RUS"]
[SourceTitle "CBM 138 Extra"]
[Source "ChessBase"]
[SourceDate "2010.10.29"]
[SourceVersion "1"]
[SourceVersionDate "2010.10.29"]
[SourceQuality "1"]

1. d4 d5 2. c4 c6 3. Nf3 Nf6 4. g3 g6 5. Bg2 Bg7 6. 0-0 0-0 7. cxd5 cxd5 8. Ne5 e6 9. Nc3 b6 10. b3 a6 11. Ba3 Re8 12. Rc1 Bb7 13. Qd2 Nbd7 14. Nc4 dxc4 15. Bxb7 Ra7 16. Bg2 cxb3 17. axb3 Bf8 18. Bb2 Qb8 19. e4 e5 20. dxe5 Nxe5 21. Nd5 Nxd5 22. exd5 Bg7 23. h3 a5 24. Rfd1 Rd8 25. Bd4 Nd7 26. Be3 Nc5 27. Qc2 Bf8 28. h4 h5 29. Rb1 Na6 30. Qe2 Nb4 31. Qb5 Rb7 32. d6 Rbd7 33. Bg5 Rxd6 34. Bxd8 Qxd8 35. Rxd6 Qxd6 36. Bf1 Qf6 37. Qg5 Qd4 38. Bc4 Kg7 39. Qe3 Qf6 40. Kg2 Bc5 41. Qf3 Qe7 42. Qc3+ Kh7 43. Re1 Qb7+ 44. f3 Qd7 45. Qf6 Nc2 46. Re2 Ne3+ 47. Rxe3 Bxe3 48. Bxf7 Qd2+ 49. Kh3 Qd7+ 50. g4 hxg4+ 51. fxg4 Qd3 52. Bxg6+ Qxg6 53. Qe7+ Kg8 54. Qxe3 Qc6 55. h5 b5 56. h6 Qd5 57. Kh4 Qh1+ 58. Kg3 Qd5 59. g5 Qd6+ 60. Kg4 Qd7+ 61. Kh4 Qf7 62. Qd4 b4 63. Qe4 Qf2+ 64. Kg4 Qg1+ 65. Kf5 Qc5+ 66. Kf4 Qf2+ 67. Kg4 Qg1+ 68. Kf4 Qf2+ 69. Ke5 Qg3+ 70. Kf6 Qf2+ 71. Kg6 Qf7# 0-1

[Event "Vladivostok op-A"]
[Site "Vladivostok"]
[Date "2010.08.10"]
[Round "7"]
[White "Solovchuk, Mikhail"]
[Black "Rychkov, Oleg"]
[Result "1/2-1/2"]
[WhiteElo "2195"]
[BlackElo "2105"]
[PlyCount "81"]
[EventDate "2010.08.04"]
[EventType "swiss"]
[EventRounds "9"]
[EventCountry "RUS"]
[SourceTitle "CBM 138 Extra"]
[Source "ChessBase"]
[SourceDate "2010.10.29"]
[SourceVersion "1"]
[SourceVersionDate "2010.10.29"]
[SourceQuality "1"]

1. c4 Nf6 2. Nc3 g6 3. g3 d5 4. cxd5 Nxd5 5. Bg2 Nxc3 6. bxc3 Bg7 7. d4 c5 8. Nf3 cxd4 9. cxd4 Nc6 10. e3 0-0 11. 0-0 Bf5 12. Bb2 Be4 13. Rc1 Rc8 14. Qa4 b6 15. Nh4 Bxg2 16. Nxg2 Na5 17. Rxc8 Qxc8 18. Rc1 Qb7 19. Qc2 b5 20. Qc7 Qa6 21. Ba3 Nb3 22. axb3 Qxa3 23. Qc3 Qd6 24. f4 Ra8 25. Qa5 a6 26. Ne1 f6 27. Rc7 e5 28. dxe5 fxe5 29. Qc3 Qf6 30. Rc6 Qf5 31. Rc7 Re8 32. Nf3 Bf6 33. Qc6 Qe6 34. fxe5 Bxe5 35. Qxe6+ Rxe6 36. Nxe5 Rxe5 37. Kf2 a5 38. Ra7 b4 39. Kf3 g5 40. e4 Rc5 41. Kg4 1/2-1/2

[Event "Primorie-ch U20 op"]
[Site "Vladivostok"]
[Date "2009.09.26"]
[Round "4"]
[White "Yun, Svetomir"]
[Black "Solovchuk, Mikhail"]
[Result "1/2-1/2"]
[WhiteElo "2034"]
[BlackElo "2170"]
[PlyCount "108"]
[EventDate "2009.09.23"]
[EventType "swiss"]
[EventRounds "9"]
[EventCountry "RUS"]
[SourceTitle "EXT 2022"]
[Source "ChessBase"]
[SourceDate "2021.10.06"]
[SourceVersion "1"]
[SourceVersionDate "2021.10.06"]
[SourceQuality "1"]

1. e4 c5 2. c3 d5 3. exd5 Qxd5 4. d4 g6 5. dxc5 Qxc5 6. Be3 Qc7 7. Nf3 Bg7 8. Be2 Nf6 9. h3 0-0 10. 0-0 h6 11. Na3 a6 12. Nc4 Nfd7 13. Qb3 b5 14. Ncd2 Nb6 15. Bxb6 Qxb6 16. Nc4 Qc5 17. Ne3 Be6 18. Qc2 Nc6 19. a4 Rab8 20. axb5 axb5 21. b4 Qxc3 22. Qxc3 Bxc3 23. Rac1 Nd4 24. Nxd4 Bxd4 25. Nc2 Bc3 26. Rfd1 Rfc8 27. Na3 Bxb4 28. Nxb5 Rxc1 29. Rxc1 Rc8 30. Rb1 Bc5 31. h4 f5 32. g3 Bd5 33. Rd1 e6 34. Kf1 Be7 35. Nd4 Kf7 36. Rb1 g5 37. hxg5 hxg5 38. Bf3 Bc4+ 39. Be2 Ba2 40. Ra1 Ra8 41. Nxf5 Bf6 42. Nd6+ Ke7 43. Rd1 Bb3 44. Rb1 Bd5 45. Nb5 Rh8 46. Bd3 e5 47. Nc3 Bf3 48. Ke1 Rd8 49. Be4 Bg4 50. Nd5+ Kf7 51. f3 Be6 52. Rb7+ Rd7 53. Rxd7+ Bxd7 54. Nxf6 Kxf6 1/2-1/2

[Event "RUS-ch U18"]
[Site "Dagomys"]
[Date "2009.04.20"]
[Round "6"]
[White "Biryukov, Alexander"]
[Black "Solovchuk, Mikhail"]
[Result "1-0"]
[WhiteElo "2159"]
[BlackElo "2188"]
[PlyCount "69"]
[EventDate "2009.04.15"]
[EventType "swiss"]
[EventRounds "9"]
[EventCountry "RUS"]
[SourceTitle "CBM 130 Extra"]
[Source "ChessBase"]
[SourceDate "2009.07.02"]
[SourceVersion "2"]
[SourceVersionDate "2009.07.15"]
[SourceQuality "1"]

1. d4 d5 2. Nf3 Nf6 3. c4 dxc4 4. e3 e6 5. Bxc4 c5 6. Qe2 a6 7. dxc5 Nc6 8. 0-0 Bxc5 9. Nc3 0-0 10. e4 b5 11. Bd3 e5 12. h3 Nd4 13. Nxd4 Bxd4 14. Bg5 Qb6 15. Bxf6 Qxf6 16. Nd5 Qd6 17. a4 b4 18. Bc4 Be6 19. Rac1 Ra7 20. Rc2 Kh8 21. b3 a5 22. Ne3 Bc8 23. Kh1 Qh6 24. Qf3 Qg5 25. Rfc1 h5 26. Bd5 Bb7 27. Bxb7 Rxb7 28. Rc8 Rb8 29. Rxb8 Rxb8 30. Qxf7 Bxe3 31. fxe3 Rd8 32. Rc7 h4 33. Qf3 Rd3 34. Rc8+ Kh7 35. Rc5 1-0

[Event "DV FR-ch U18 op"]
[Site "Vladivostok"]
[Date "2008.11.04"]
[Round "3"]
[White "Solovchuk, Mikhail"]
[Black "Prokhodtsev, Ilia"]
[Result "1-0"]
[WhiteElo "2180"]
[BlackElo "2263"]
[PlyCount "55"]
[EventDate "2008.11.03"]
[EventType "swiss"]
[EventRounds "9"]
[EventCountry "RUS"]
[SourceTitle "EXT 2022"]
[Source "ChessBase"]
[SourceDate "2021.10.06"]
[SourceVersion "1"]
[SourceVersionDate "2021.10.06"]
[SourceQuality "1"]

1. c4 Nf6 2. Nc3 c6 3. d4 d5 4. Nf3 Bf5 5. Qb3 Qb6 6. c5 Qxb3 7. axb3 Nbd7 8. h3 e6 9. b4 Ne4 10. Bf4 f6 11. e3 g5 12. Bh2 Nxc3 13. bxc3 Bg7 14. b5 0-0 15. bxc6 bxc6 16. Bd6 Rfe8 17. Ba6 Rab8 18. Bxb8 Rxb8 19. 0-0 e5 20. Rfc1 h5 21. Ne1 Bg6 22. Bd3 f5 23. Rxa7 Rd8 24. Rc7 e4 25. Be2 Nb8 26. Ra1 Bf6 27. Ra8 Kf8 28. Rb7 1-0

[Event "Arsenyev Sazykin Memorial"]
[Site "Arsenyev"]
[Date "2008.08.15"]
[Round "7"]
[White "Jumabayev, Rinat"]
[Black "Solovchuk, Mikhail"]
[Result "0-1"]
[WhiteElo "2270"]
[BlackElo "2165"]
[PlyCount "77"]
[EventDate "2008.08.15"]
[EventType "tourn"]
[EventRounds "11"]
[EventCountry "RUS"]
[SourceTitle "EXT 2022"]
[Source "ChessBase"]
[SourceDate "2021.10.06"]
[SourceVersion "1"]
[SourceVersionDate "2021.10.06"]
[SourceQuality "1"]

1. e4 c5 2. Nc3 Nc6 3. g3 g6 4. Bg2 Bg7 5. d3 d6 6. Be3 e5 7. Qd2 Nge7 8. Bh6 0-0 9. h4 f6 10. 0-0-0 Nd4 11. Bxg7 Kxg7 12. Bh3 h6 13. f4 b5 14. Nce2 b4 15. Nxd4 cxd4 16. Qxb4 Nc6 17. Qa3 Rb8 18. h5 g5 19. Bxc8 Qxc8 20. f5 Qc7 21. Kd2 Rb5 22. b3 Nb4 23. Rc1 Rc8 24. Ne2 Nxc2 25. Qa4 Ra5 26. Qc4 Qb7 27. Qxc8 Qxc8 28. Rxc2 Qa6 29. a4 Qb6 30. Rhc1 Rc5 31. Rxc5 dxc5 32. Kc2 g4 33. Rh1 c4 34. bxc4 Qc6 35. Kb3 a5 36. Rb1 Qe8 37. Ka3 Qxh5 38. Rb7+ Kf8 39. c5 0-1

[Event "Arsenyev Sazykin Memorial"]
[Site "Arsenyev"]
[Date "2008.08.15"]
[Round "3"]
[White "Slupskiy, Sergey"]
[Black "Solovchuk, Mikhail"]
[Result "1-0"]
[WhiteElo "2260"]
[BlackElo "2165"]
[PlyCount "79"]
[EventDate "2008.08.15"]
[EventType "tourn"]
[EventRounds "11"]
[EventCountry "RUS"]
[SourceTitle "EXT 2022"]
[Source "ChessBase"]
[SourceDate "2021.10.06"]
[SourceVersion "1"]
[SourceVersionDate "2021.10.06"]
[SourceQuality "1"]

1. Nf3 c5 2. e4 e6 3. c4 d6 4. Nc3 Nf6 5. Be2 Be7 6. d4 cxd4 7. Nxd4 0-0 8. Be3 a6 9. 0-0 Qc7 10. Rc1 b6 11. f3 Nbd7 12. Qe1 Bb7 13. Qg3 Kh8 14. Rfd1 Rac8 15. Qf2 Qb8 16. Nc2 Bd8 17. Bf4 Bc7 18. g4 Rfd8 19. Qg3 Nf8 20. Qf2 Qa8 21. Ne3 h6 22. Na4 Bc6 23. Nc3 Ng6 24. Bg3 Ne7 25. Bh4 g5 26. Bg3 Kg7 27. Rd2 Rf8 28. Bxd6 Bxd6 29. Rxd6 Ne8 30. Rd2 f5 31. gxf5 exf5 32. Ned5 Bxd5 33. Nxd5 Nxd5 34. exd5 Qb8 35. b4 Nf6 36. c5 b5 37. Qd4 Rfe8 38. d6 Red8 39. Qe5 Re8 40. Qxf5 1-0

[Event "Arsenyev Sazykin Memorial"]
[Site "Arsenyev"]
[Date "2008.08.15"]
[Round "11"]
[White "Solovchuk, Mikhail"]
[Black "Makarov, Sergey"]
[Result "1/2-1/2"]
[WhiteElo "2165"]
[BlackElo "2336"]
[PlyCount "48"]
[EventDate "2008.08.15"]
[EventType "tourn"]
[EventRounds "11"]
[EventCountry "RUS"]
[SourceTitle "EXT 2022"]
[Source "ChessBase"]
[SourceDate "2021.10.06"]
[SourceVersion "1"]
[SourceVersionDate "2021.10.06"]
[SourceQuality "1"]

1. c4 c6 2. d4 d5 3. Nf3 Nf6 4. Bf4 a6 5. e3 e6 6. Bd3 Nbd7 7. Nbd2 Be7 8. 0-0 Nh5 9. Bg3 Nxg3 10. hxg3 Qc7 11. e4 dxe4 12. Nxe4 0-0 13. Qe2 Rd8 14. Rac1 Qa5 15. Bb1 Nf8 16. Rfd1 Ng6 17. c5 Qc7 18. Ned2 Bd7 19. Bxg6 hxg6 20. Nc4 Be8 21. Qe3 Rab8 22. Nfd2 Qd7 23. Ne4 Qd5 24. b3 Qh5 1/2-1/2

[Event "Arsenyev Sazykin Memorial"]
[Site "Arsenyev"]
[Date "2008.08.15"]
[Round "4.1"]
[White "Solovchuk, Mikhail"]
[Black "Tanashkin, Alexey"]
[Result "1/2-1/2"]
[WhiteElo "2165"]
[BlackElo "2183"]
[PlyCount "31"]
[EventDate "2008.08.15"]
[EventType "tourn"]
[EventRounds "11"]
[EventCountry "RUS"]
[SourceTitle "EXT 2022"]
[Source "ChessBase"]
[SourceDate "2021.10.06"]
[SourceVersion "1"]
[SourceVersionDate "2021.10.06"]
[SourceQuality "1"]

1. c4 f5 2. d4 e6 3. g3 Nf6 4. Bg2 c6 5. b3 d5 6. e3 Bd6 7. Ne2 0-0 8. 0-0 Bd7 9. Ba3 Bxa3 10. Nxa3 g5 11. b4 Qe7 12. Qb3 a6 13. Qb2 Kh8 14. f4 h6 15. Nc1 b5 16. cxd5 1/2-1/2

[Event "DV FR-ch U18"]
[Site "Vladivostok"]
[Date "2007.11.10"]
[Round "9"]
[White "Solovchuk, Mikhail"]
[Black "Perkovsky, Alexey"]
[Result "0-1"]
[WhiteElo "2168"]
[BlackElo "2192"]
[PlyCount "42"]
[EventDate "2007.11.02"]
[EventType "swiss"]
[EventRounds "9"]
[EventCountry "RUS"]
[SourceTitle "EXT 2022"]
[Source "ChessBase"]
[SourceDate "2021.10.06"]
[SourceVersion "1"]
[SourceVersionDate "2021.10.06"]
[SourceQuality "1"]

1. e4 g6 2. d4 Bg7 3. Nf3 d6 4. Nc3 Nf6 5. Be2 0-0 6. 0-0 e5 7. d5 Nbd7 8. Bd2 Nc5 9. Bd3 a5 10. h3 Nh5 11. Qc1 f5 12. exf5 gxf5 13. Bc4 f4 14. a3 e4 15. Nh2 f3 16. g4 Qh4 17. Kh1 Be5 18. gxh5 Qxh3 19. Rg1+ Kh8 20. Rg3 Bxg3 21. fxg3 Qg2# 0-1

[Event "DV FR-chT"]
[Site "Vladivostok"]
[Date "2007.09.30"]
[Round "2"]
[White "Fedorov, Maksim"]
[Black "Solovchuk, Mikhail"]
[Result "1/2-1/2"]
[WhiteElo "2218"]
[BlackElo "2168"]
[PlyCount "117"]
[EventDate "2007.09.29"]
[EventType "team-tourn"]
[EventRounds "7"]
[EventCountry "RUS"]
[SourceTitle "EXT 2022"]
[Source "ChessBase"]
[SourceDate "2021.10.06"]
[SourceVersion "1"]
[SourceVersionDate "2021.10.06"]
[SourceQuality "1"]

1. e4 c5 2. Nf3 e6 3. d4 cxd4 4. Nxd4 a6 5. Bd3 b5 6. 0-0 d6 7. Be3 Nf6 8. a4 bxa4 9. c4 Be7 10. Nc3 0-0 11. Rxa4 Bb7 12. f4 Qc7 13. g4 Nfd7 14. Ra1 Nc5 15. Bc2 Nc6 16. g5 Nxd4 17. Bxd4 e5 18. Be3 exf4 19. Bxf4 Ne6 20. Nd5 Bxd5 21. Qxd5 Nxf4 22. Rxf4 Qb6+ 23. Rf2 Qe3 24. Kg2 Qxg5+ 25. Qxg5 Bxg5 26. Rf5 Bf6 27. Ra2 Rfc8 28. b3 Be5 29. Rf3 a5 30. h3 Bd4 31. Rd3 Bc5 32. Rd5 Re8 33. Ra1 Re6 34. Rf1 Rb8 35. Ra1 Bb4 36. Bd3 Bc3 37. Rc1 Bb4 38. Rb5 Rbe8 39. Rf1 Rg6+ 40. Kf3 Kf8 41. Rb7 Rf6+ 42. Kg2 Rxf1 43. Kxf1 f5 44. c5 Bxc5 45. exf5 Re3 46. Bc4 Rf3+ 47. Ke2 Rxf5 48. Rb8+ Ke7 49. Rb7+ Kf6 50. Rf7+ Kg6 51. Rxf5 Kxf5 52. Bd3+ Ke5 53. Bxh7 Kd4 54. Kd2 Bb4+ 55. Kc2 Ke3 56. Bf5 d5 57. Bg6 d4 58. Bf5 Kf4 59. Bg6 1/2-1/2

[Event "DV FR-chT"]
[Site "Vladivostok"]
[Date "2007.09.29"]
[Round "1"]
[White "Solovchuk, Mikhail"]
[Black "Diu, Viacheslav"]
[Result "0-1"]
[WhiteElo "2168"]
[BlackElo "2442"]
[PlyCount "74"]
[EventDate "2007.09.29"]
[EventType "team-tourn"]
[EventRounds "7"]
[EventCountry "RUS"]
[SourceTitle "EXT 2022"]
[Source "ChessBase"]
[SourceDate "2021.10.06"]
[SourceVersion "1"]
[SourceVersionDate "2021.10.06"]
[SourceQuality "1"]

1. c4 e6 2. Nc3 d5 3. d4 Be7 4. Bf4 Nf6 5. Nf3 0-0 6. e3 c5 7. Be2 Nc6 8. h3 dxc4 9. Bxc4 cxd4 10. Nxd4 Nxd4 11. Qxd4 Qxd4 12. exd4 Bd7 13. 0-0 Rac8 14. Bb3 Bc6 15. Rfd1 Rcd8 16. Be3 a6 17. a4 Rd7 18. Rd3 Rfd8 19. Rad1 Kf8 20. f3 Ke8 21. Kf2 Nd5 22. Bxd5 Bxd5 23. Ne4 Bc6 24. Nc3 Bb4 25. Na2 Ba5 26. b4 Bb6 27. Nc3 f5 28. Ke2 Bd5 29. Nxd5 Rxd5 30. Rc3 e5 31. Rc4 exd4 32. Bg5 d3+ 33. Kd2 R8d7 34. Re1+ Kf7 35. Rc8 h6 36. Bf4 a5 37. bxa5 Bxa5+ 0-1

[Event "Primorie-ch U16"]
[Site "Vladivostok"]
[Date "2007.09.??"]
[Round "5"]
[White "Solovchuk, Mikhail"]
[Black "Feigin, Semen"]
[Result "0-1"]
[WhiteElo "2115"]
[BlackElo "2135"]
[PlyCount "105"]
[EventDate "2007.09.01"]
[EventType "swiss"]
[EventRounds "9"]
[EventCountry "RUS"]
[SourceTitle "EXT 2022"]
[Source "ChessBase"]
[SourceDate "2021.10.06"]
[SourceVersion "1"]
[SourceVersionDate "2021.10.06"]
[SourceQuality "1"]

1. c4 e6 2. e4 c5 3. Nc3 Nc6 4. Nf3 Nge7 5. d4 cxd4 6. Nxd4 d5 7. Ndb5 d4 8. Ne2 e5 9. Bd2 a6 10. Na3 Ng6 11. Qb3 Bc5 12. Nc1 Qb6 13. Nd3 Qxb3 14. axb3 Be7 15. Nc2 Be6 16. f4 exf4 17. Nxf4 Nxf4 18. Bxf4 Bf6 19. b4 0-0 20. Bd3 Rfd8 21. 0-0 Be5 22. Bd2 Bc7 23. b3 Ne5 24. Ne1 Bg4 25. Rf2 Be6 26. Bc1 Ng4 27. Rfa2 Bxh2+ 28. Kf1 Bc7 29. b5 a5 30. Bd2 b6 31. b4 Ne5 32. bxa5 bxa5 33. Rc2 Rdb8 34. Rb1 a4 35. Ra1 a3 36. Bc1 Nxd3 37. Nxd3 Ra4 38. Rxa3 Rxc4 39. Rb2 Rc3 40. Rb4 Rxa3 41. Bxa3 Bd6 42. Ra4 Bxa3 43. Rxa3 Bc4 44. b6 g6 45. Kf2 Rxb6 46. Ne5 Rb2+ 47. Kf3 Rb3+ 48. Rxb3 Bxb3 49. Nc6 d3 50. Ke3 Bc4 51. Ne5 Bb5 52. g4 f6 53. Nf3 0-1